000 00619nam a2200241Ia 4500
003 OSt
005 20220918213254.0
006 a|||||r|||| 00| 0
007 ta
008 220917b |||||||| |||| 00| 0 eng d
024 _a131,969
037 _cTextual
040 _aARTS
_cARTS
_beng
041 _2eng
_aeng
082 _aX:74z7, J0
110 _aAmerican Economic Association
_9123688
245 0 _aReadings in business cycle theory
260 _c1950
650 _aECONOMICS
700 _aAmerican Economic Association
_9123689
942 _hX:74z7, J0
_cTEXL
_2CC
999 _c255091
_d255091